Proceso de mejora continua de programas educativos del Departamento de Electrónica, Sistemas e Informática del ITESO /

En este trabajo se documenta un proceso de mejora continua para los programas de estudio del Departamento de Electrónica, Sistemas e Informática del ITESO, asegurando que cumplan con los criterios de las acreditadoras CACEI y ABET, cuyo objetivo es garantizar la calidad y relevancia de los programas...

Full beskrivning

Sparad:
Bibliografiska uppgifter
Huvudupphov: Pérez Ortiz, Humberto (autor)
Materialtyp: Avhandling Bok
Språk:spanska
Utgiven: Guadalajara, México : edición de autor, 2021
Ämnen:
Länkar:Ver documento en línea
Taggar: Lägg till en tagg
Inga taggar, Lägg till första taggen!

MARC

LEADER 00000nam^a2200000^a^4500
001 000588881
005 20251023000000.0
009 20260310132838.251
037 |a Acervo ITESO - Biblioteca 
041 |a ESP 
090 |a MIA. 159 
100 |a Pérez Ortiz, Humberto  |e (autor) 
245 1 0 |a Proceso de mejora continua de programas educativos del Departamento de Electrónica, Sistemas e Informática del ITESO /  |c H. Pérez Ortiz. 
264 1 |a Guadalajara, México :  |b edición de autor,  |c 2021 
300 |a 1 tesis electrónica en línea (30 p.) 
300 |a 1 recurso en línea 
336 |a datos para computadora  |b cod  |2 rdacontenido 
337 |a computadora  |b c  |2 rdamedio 
338 |a recurso en línea  |b cr  |2 rdasoporte 
502 |a ITESO Tesis de Maestría en Informática Aplicada 
520 |a En este trabajo se documenta un proceso de mejora continua para los programas de estudio del Departamento de Electrónica, Sistemas e Informática del ITESO, asegurando que cumplan con los criterios de las acreditadoras CACEI y ABET, cuyo objetivo es garantizar la calidad y relevancia de los programas educativos, de acuerdo con los estándares internacionales en ingeniería. Además, se busca fomentar una cultura de mejora continua dentro del departamento, para asegurar su competitividad a nivel global. 
649 |a XX 
650 |a ITESO -  |x Tema Principal 
650 |a Programas de Materia 
650 |a Evaluación del Programa -  |x Tema Principal 
650 |a Evaluación del Currículo -  |x Tema Principal 
650 |a Universidades Privadas -  |z Guadalajara, Jalisco 
650 |a Universidades Privadas -  |z México 
650 |a Instituciones Educativas -  |z Guadalajara, Jalisco 
650 |a Instituciones Educativas -  |z México 
650 |a Educación Superior -  |z Guadalajara, Jalisco 
650 |a Educación Superior -  |z México 
856 4 0 |u https://rei.iteso.mx/handle/11117/8234  |y Ver documento en línea 
910 |a Fondo General 
920 |a Electrónicos - Tesis del ITESO en Línea 
930 |a Repositorio Institucional 
905 |a 201 
901 |a 588881-1  |b IT2  |c ETI  |u 20250521 
902 |a https://opac.biblio.iteso.mx/vufind/Record/000588881